[Event "SRI-chB (Women)"]
[Site "Colombo"]
[Date "2018.03.01"]
[Round "2"]
[White "Sanudula, KM Dahamdi"]
[Black "De Silva, Chamindra"]
[Result "1/2-1/2"]
[WhiteElo "1307"]
[BlackElo "1563"]
[PlyCount "72"]
[EventDate "2018.03.01"]
[EventType "swiss"]
[EventRounds "10"]
[EventCountry "SRI"]
[SourceTitle "EXT 2019"]
[Source "ChessBase"]
[SourceDate "2018.10.10"]
[SourceVersion "1"]
[SourceVersionDate "2018.10.10"]
[SourceQuality "1"]

1. d4 d5 2. e3 Nf6 3. Bd3 e6 4. f4 c5 5. c3 Nbd7 6. Nf3 Bd6 7. 0-0 Qc7 8. Ne5 c4 9. Bc2 Nf8 10. Nd2 b5 11. Ndf3 N8d7 12. Ng5 0-0 13. Bd2 h6 14. Ngf3 a5 15. a3 Kh8 16. Qe1 Ne4 17. Nxd7 Bxd7 18. Bxe4 dxe4 19. Ne5 Bxe5 20. fxe5 Bc6 21. Qh4 Kh7 22. Qh3 Qe7 23. Rf4 f5 24. exf6 Rxf6 25. Raf1 Raf8 26. Rxf6 Rxf6 27. Rxf6 Qxf6 28. Qg3 Qf7 29. Qh4 Qf5 30. Qf2 Qh5 31. Qe1 e5 32. h3 exd4 33. cxd4 a4 34. Bc3 Qg5 35. Kh2 h5 36. Qg3 Qh6 1/2-1/2

[Event "SRI-ch (Women)"]
[Site "Colombo"]
[Date "2017.08.14"]
[Round "8"]
[White "De Silva, Chamindra"]
[Black "Yapa Bandara, Chamodya"]
[Result "1/2-1/2"]
[WhiteElo "1550"]
[BlackElo "1614"]
[PlyCount "77"]
[EventDate "2017.08.10"]
[EventType "tourn"]
[EventRounds "13"]
[EventCountry "SRI"]
[SourceTitle "CBM 180 Extra"]
[Source "ChessBase"]
[SourceDate "2017.10.06"]
[SourceVersion "1"]
[SourceVersionDate "2017.10.06"]
[SourceQuality "1"]

1. e4 c5 2. Nf3 d6 3. d4 cxd4 4. Nxd4 Nf6 5. Nc3 a6 6. Bg5 e6 7. f4 Be7 8. Qf3 Qc7 9. 0-0-0 0-0 10. g4 b5 11. Bd3 Nbd7 12. Rhe1 Bb7 13. Bxf6 Bxf6 14. Nce2 Rac8 15. g5 Be7 16. h4 d5 17. Nb3 Rfd8 18. Ned4 Bb4 19. Rf1 Nc5 20. Nxc5 Bxc5 21. Nb3 dxe4 22. Bxe4 Rxd1+ 23. Rxd1 Bxe4 24. Qxe4 Be3+ 25. Kb1 Bxf4 26. a3 e5 27. Rd5 g6 28. Qd3 h6 29. Rd7 Qc6 30. Rd6 Qe8 31. Nc5 e4 32. Nxe4 Be5 33. Rxa6 Rd8 34. Qf3 hxg5 35. hxg5 Qd7 36. Nf6+ Bxf6 37. Qxf6 Qd1+ 38. Ka2 Qd5+ 39. Kb1 1/2-1/2

[Event "SRI-ch (Women)"]
[Site "Colombo"]
[Date "2017.08.12"]
[Round "4"]
[White "De Silva, Chamindra"]
[Black "Wijesuriya, GPY"]
[Result "0-1"]
[WhiteElo "1550"]
[BlackElo "1603"]
[PlyCount "80"]
[EventDate "2017.08.10"]
[EventType "tourn"]
[EventRounds "13"]
[EventCountry "SRI"]
[SourceTitle "CBM 180 Extra"]
[Source "ChessBase"]
[SourceDate "2017.10.06"]
[SourceVersion "1"]
[SourceVersionDate "2017.10.06"]
[SourceQuality "1"]

1. d4 Nf6 2. Nc3 d5 3. Bf4 c5 4. e3 a6 5. Nf3 Qa5 6. Nd2 cxd4 7. Nb3 Qb6 8. exd4 e6 9. a3 Nc6 10. Be2 Bd7 11. Na4 Qd8 12. Nac5 Na5 13. Nxa5 Qxa5+ 14. b4 Qb6 15. Be5 Be7 16. 0-0 Bb5 17. Re1 Bxe2 18. Qxe2 0-0 19. Rad1 Rfd8 20. Qf3 Nd7 21. Qg3 Nxe5 22. Qxe5 Bf6 23. Qf4 Qc6 24. Qd2 b6 25. Nb3 Rac8 26. Re2 Qa4 27. Ra1 Rc4 28. g3 h6 29. Ra2 Rdc8 30. Kf1 Bg5 31. f4 Bf6 32. Ke1 a5 33. bxa5 Bxd4 34. Nxd4 Rxd4 35. Qe3 bxa5 36. Rb2 Re4 37. Qf3 Qd4 38. Rxe4 Qxb2 39. Re2 Rc3 40. Qf2 Qc1# 0-1

[Event "SRI-ch (Women)"]
[Site "Colombo"]
[Date "2017.08.10"]
[Round "1"]
[White "De Silva, Chamindra"]
[Black "Ranasinghe, Sachini D"]
[Result "1/2-1/2"]
[WhiteElo "1550"]
[BlackElo "1730"]
[PlyCount "52"]
[EventDate "2017.08.10"]
[EventType "tourn"]
[EventRounds "13"]
[EventCountry "SRI"]
[SourceTitle "CBM 180 Extra"]
[Source "ChessBase"]
[SourceDate "2017.10.06"]
[SourceVersion "1"]
[SourceVersionDate "2017.10.06"]
[SourceQuality "1"]

1. e4 g6 2. d4 Bg7 3. Nc3 d6 4. Be3 Nf6 5. f3 c6 6. Qd2 h5 7. 0-0-0 b5 8. Bd3 Qa5 9. Kb1 b4 10. Nce2 Na6 11. Nc1 Qb6 12. Nb3 Nc7 13. Ne2 a5 14. d5 c5 15. Bc4 a4 16. Nbc1 Nd7 17. f4 Nb5 18. e5 Na3+ 19. bxa3 bxa3+ 20. Nb3 axb3 21. cxb3 dxe5 22. Nc3 exf4 23. Bxf4 Ne5 24. Bb5+ Bd7 25. Qe2 Ng4 26. Rhe1 0-0-0 1/2-1/2

[Event "SRI-chB (Women)"]
[Site "Narahenpita"]
[Date "2017.05.14"]
[Round "4"]
[White "De Silva, Chamindra"]
[Black "Ranasinghe, Shalini"]
[Result "1/2-1/2"]
[WhiteElo "1524"]
[BlackElo "1565"]
[PlyCount "55"]
[EventDate "2017.05.12"]
[EventType "swiss"]
[EventRounds "10"]
[EventCountry "SRI"]
[SourceTitle "CBM 178 Extra"]
[Source "ChessBase"]
[SourceDate "2017.06.22"]
[SourceVersion "1"]
[SourceVersionDate "2017.06.22"]
[SourceQuality "1"]

1. e4 e6 2. d4 d5 3. Nd2 h6 4. Bd3 Nf6 5. e5 Nfd7 6. Ne2 b6 7. Nf3 c5 8. c3 Ba6 9. 0-0 Bxd3 10. Qxd3 Nc6 11. Bf4 g5 12. Bg3 h5 13. h3 g4 14. Nf4 Rh6 15. Nd2 Be7 16. f3 cxd4 17. cxd4 gxh3 18. Nxh3 Nxd4 19. f4 Bc5 20. Kh1 Nf5 21. Bf2 h4 22. Nf3 Bxf2 23. Rxf2 Nc5 24. Qa3 Qd7 25. Kg1 Qa4 26. Qxa4+ Nxa4 27. Rc1 Nc5 28. Rd2 1/2-1/2

[Event "SRI-ch (Women)"]
[Site "Malabe"]
[Date "2015.07.06"]
[Round "6"]
[White "Udupitiya, UGSSS"]
[Black "De Silva, Chamindra"]
[Result "1/2-1/2"]
[WhiteElo "1647"]
[BlackElo "1544"]
[PlyCount "65"]
[EventDate "2015.07.04"]
[EventType "tourn"]
[EventRounds "13"]
[EventCountry "SRI"]
[SourceTitle "CBM 167 Extra"]
[Source "ChessBase"]
[SourceDate "2015.09.14"]
[SourceVersion "1"]
[SourceVersionDate "2015.09.14"]
[SourceQuality "1"]

1. e4 e5 2. Nf3 Nc6 3. Bb5 a6 4. Ba4 Nf6 5. 0-0 Be7 6. Re1 b5 7. Bb3 d6 8. c3 0-0 9. h3 Na5 10. Bc2 c5 11. d4 Qc7 12. d5 Bd7 13. Nbd2 Rfc8 14. Qe2 Nb7 15. Nf1 c4 16. Ng3 Nc5 17. Bd2 a5 18. Rac1 Qb7 19. a3 h6 20. Ra1 Na6 21. Reb1 Rab8 22. Be3 Ra8 23. Rd1 b4 24. Rdb1 b3 25. Bd1 Bd8 26. Qd2 h5 27. Bg5 Nc5 28. Qe2 g6 29. Bd2 a4 30. Bg5 Kg7 31. Bd2 Kg8 32. Bg5 Kg7 33. Bd2 1/2-1/2

[Event "SRI-ch (Women)"]
[Site "Malabe"]
[Date "2015.07.05"]
[Round "4"]
[White "Premanath, Dinushki"]
[Black "De Silva, Chamindra"]
[Result "1-0"]
[WhiteElo "1833"]
[BlackElo "1544"]
[PlyCount "51"]
[EventDate "2015.07.04"]
[EventType "tourn"]
[EventRounds "13"]
[EventCountry "SRI"]
[SourceTitle "CBM 167 Extra"]
[Source "ChessBase"]
[SourceDate "2015.09.14"]
[SourceVersion "1"]
[SourceVersionDate "2015.09.14"]
[SourceQuality "1"]

1. e4 c5 2. Nf3 d6 3. d4 cxd4 4. Nxd4 Nf6 5. Nc3 a6 6. Bc4 e6 7. Bb3 b5 8. 0-0 Nbd7 9. Qe2 Nc5 10. a3 Bb7 11. f3 Nxb3 12. cxb3 d5 13. e5 Bc5 14. Be3 Nd7 15. f4 Qe7 16. b4 Bxd4 17. Bxd4 f5 18. exf6 gxf6 19. Rae1 Kf7 20. Qh5+ Kg7 21. Rf3 Rag8 22. Rfe3 Nf8 23. f5 e5 24. Bxe5 fxe5 25. Rxe5 Qf6 26. Re7+ 1-0

[Event "SRI-chB (Women)"]
[Site "Malabe"]
[Date "2015.06.27"]
[Round "7"]
[White "De Silva, Chamindra"]
[Black "Jayaweera, Sayuni Gihansa"]
[Result "1-0"]
[WhiteElo "1509"]
[BlackElo "1437"]
[PlyCount "117"]
[EventDate "2015.05.19"]
[EventType "swiss"]
[EventRounds "10"]
[EventCountry "SRI"]
[SourceTitle "EXT 2016"]
[Source "ChessBase"]
[SourceDate "2015.10.08"]
[SourceVersion "1"]
[SourceVersionDate "2015.10.08"]
[SourceQuality "1"]

1. e4 c5 2. Nf3 Nc6 3. d4 cxd4 4. Nxd4 e5 5. Nf3 d6 6. Nc3 Nf6 7. h3 Be7 8. Bc4 Be6 9. Bb3 0-0 10. Be3 a6 11. Ng5 Bxb3 12. cxb3 b5 13. a3 h6 14. Nf3 Rc8 15. 0-0 a5 16. Qd2 b4 17. Nd5 Nxd5 18. Qxd5 Kh8 19. Nd2 f5 20. f4 exf4 21. Bxf4 Qb6+ 22. Kh1 Qd4 23. Rac1 Qxd5 24. exd5 Ne5 25. Bxe5 dxe5 26. Nc4 Rfd8 27. Nxe5 Rxc1 28. Rxc1 Kh7 29. Nc6 Bg5 30. Rd1 Ra8 31. a4 Bf6 32. Rd2 Bg5 33. Rc2 Bf4 34. Kg1 Re8 35. Kf1 Bg3 36. Re2 Rxe2 37. Kxe2 Bc7 38. Kd3 Kg6 39. Kc4 Kg5 40. Kc5 Kf4 41. d6 Bxd6+ 42. Kxd6 Kg3 43. Nxa5 f4 44. Nc4 Kxg2 45. a5 Kxh3 46. a6 g5 47. a7 h5 48. a8Q Kg3 49. Nd2 g4 50. Qh1 h4 51. Qg1+ Kh3 52. Nf1 g3 53. Ke5 f3 54. Qh1+ Kg4 55. Ne3+ Kg5 56. Qxf3 Kh6 57. Kf6 g2 58. Qxg2 Kh5 59. Qg5# 1-0